Untersuchungen im Totentempel des Merenptah in Theben Bd. 4. The pottery

محفوظ في:

المؤلف الرئيسي: Horst Jaritz

مؤلفون آخرون: Susanne Bickel & Brigitte Dominicus & David A. Aston

التنسيق: كتاب

اللغة: Undetermined

منشور في: Stuttgart Stuttgart Steiner 2008 1997-2008

سلاسل: Beiträge zur ägyptischen Bauforschung und Altertumskunde, Bd. 17

الموضوعات:

الوسوم: إضافة وسم

لا توجد وسوم, كن أول من يضع وسما على هذه التسجيلة!

رقم الطلب: NA205 .B4 v.17

LEADER 00966nam a2200205Ia 4500
008 220904s9999||||xx |||||||||||||| ||und||
020 |a 9783805338035 
050 |a NA205 .B4 v.17 
100 1 |a Horst Jaritz 
245 1 0 |a Untersuchungen im Totentempel des Merenptah in Theben Bd. 4. The pottery  |c Horst Jaritz, Susanne Bickel & Brigitte Dominicus & David A. Aston 
264 1 |a Stuttgart  |b Stuttgart Steiner 2008  |c 1997-2008 
300 |b 426 S. Ill., graph. Darst.  |c 34cm. 
490 0 |a Beiträge zur ägyptischen Bauforschung und Altertumskunde, Bd. 17 
650 4 |a Egypt -- History -- Nineteenth dynasty 
650 4 |a Mortuary Temple of Merenptah -- Thebes (Egypt : Extinct city) 
650 4 |a Pharaohs -- History 
700 1 |a Susanne Bickel & Brigitte Dominicus & David A. Aston 
942 |2 lcc  |c BK 
952 |0 0  |1 0  |2 lcc  |3 V.17  |4 0  |6 NA0205 B4 V.00017  |7 1  |9 42773  |a ARCE  |b ARCE  |d 2022-09-04  |l 0  |o NA205 .B4 v.17  |p 1021417  |r 2022-09-04 00:00:00  |w 2022-09-04  |y BK 
999 |c 49446  |d 49446